000 00947cam a2200325 a 4500
001 4797581
003 OSt
005 20140310182206.0
008 870526t19851983enka j b 001 0 eng c
010 _a 87672882
020 _a9781855019317
040 _aMH
_cMH
_dDLC
042 _alcac
043 _ae------
050 1 4 _aBL 900
_b.C212 1996
082 _aHS 398.2
_bC16 1996
100 2 _aCana, Proinsias Mac
_916492
245 1 0 _aCeltic mythology /
_cCana, Proinsias Mac
260 _a London :
_bChancellor Press,
_c1996.
300 _a128 p. :
_bill. ;
_c31 cm.
490 1 _aLibrary of the world's myths and legends
650 0 _aTales
_910603
650 0 _a Legends
_911152
650 0 _a Folklore
_96494
650 0 _a. Mythology
_910603
830 0 _aLibrary of the world's myths and legends (Feltham, London, England)
_916493
906 _a7
_bcbc
_corignew
_du
_encip
_f19
_gy-gencatlg
942 _cHS
999 _c10336
_d10336